| 000 | 01200nam a22003497a 4500 | ||
|---|---|---|---|
| 003 | CHAP | ||
| 005 | 20220329133853.0 | ||
| 008 | 971013s1973 r 00010 d | ||
| 010 | _a12051 | ||
| 011 | _a13023 | ||
| 035 | _a17094 | ||
| 040 | _cCHAP | ||
| 082 |
_a595.7 _bG4 |
||
| 100 | 0 | 0 |
_aGeier, P. W. _947399 |
| 245 | _aInsects; studies in population management | ||
| 260 |
_aCamberra : _bEcological Society of Australia, _c1973 |
||
| 300 |
_a295 p. _b: ilus. ; gráfs. |
||
| 490 |
_aEcological Society of Australia. Memoirs _v; 1 |
||
| 590 |
_aBATCH-UPD _b10 _c20130110 _lUCH01 _h0148 |
||
| 590 |
_aBATCH-UPD _b10 _c20130110 _lUCH01 _h1417 |
||
| 590 |
_aBATCH-UPD _b10 _c20130409 _lUCH01 _h2148 |
||
| 590 |
_aBATCH-UPD _b10 _c20130410 _lUCH01 _h0901 |
||
| 590 |
_aBATCH-UPD _b10 _c20130914 _lUCH01 _h1040 |
||
| 590 |
_aCONVERSION _b10 _c20130109 _lUCH01 _h1308 |
||
| 650 | 1 | 4 |
_aControl biológico de plagas. _927587 |
| 650 | 1 | 4 |
_aControl de plagas _xModelos matemáticos. _927598 |
| 650 | 1 | 4 |
_aEcología de insectos. _935172 |
| 830 | 0 |
_aEcological Society of Australia. Memoirs _v; 1 _935132 |
|
| 901 | _aBK | ||
| 942 | _cLIBRO | ||
| 949 |
_a595.7 G4 _bBC _cLIBRO _d33724000348660 _eLIBRO _h28142 _i17094 _si |
||
| 999 |
_c12051 _d12051 |
||